Capitales avec un nom comportant le plus de A, de E etc. - Statistiques

Statistiques générales
  • Ce quiz a été pris 115 fois
    84 depuis la dernière actualisation
  • Le résultat moyen est 83 sur 132
Statistiques - réponses
Hint Réponse % Correct
2O Oslo
92%
2O Stockholm
92%
3A Ankara
90%
2A Ottawa
85%
3A Bratislava
83%
2A Dacca
83%
2I Helsinki
83%
2A | 2I Brasilia
81%
2A Brazzaville
81%
2O Moscou
81%
2A 3O & 3U Ouagadougou
81%
2O Tokyo
81%
2E Athènes
79%
2E Buenos Aires
79%
2A Canberra
79%
3A Jakarta
79%
2A Oulan Bator
79%
3A Panama
79%
2A Amsterdam
77%
3A Guatemala
77%
3A La Havane
77%
2A Rabat
77%
2A Dakar
75%
2A Ljubljana
75%
2A 3E & 2I Andorre-la-Vieille
73%
2A Bagdad
73%
2E Erevan
73%
3A Islamabad
73%
2A & 3U Kuala Lumpur
73%
2A La Valette
73%
2E & 2O Montevideo
73%
2A Sarajevo
73%
3I Tbilissi
73%
3O & 2U Yamoussoukro
73%
4A Antananarivo
71%
2A Bamako
71%
3A Caracas
71%
2A Damas
71%
2E Jérusalem
71%
2O Podgorica
71%
3A Sanaa
71%
3A San Salvador
71%
2A Santiago
71%
2A Amman
69%
3A Asmara
69%
3A Astana
69%
2O Bogota
69%
2A Katmandou
69%
2A Kinshasa
69%
3A Managua
69%
2A Mascate
69%
2A & 2Y Naypyidaw
69%
2E Téhéran
69%
2I Vilnius
69%
2A Abou Dabi
67%
2A Abuja
67%
3A Addis Abeba
67%
4A & 2E Bandar Seri Begawan
67%
2E Berne
67%
2I Djibouti
67%
2E & 2O Georgetown
67%
2I & 2O Mogadiscio
67%
2A Praia
67%
2Y Pyongyang
67%
2A Tirana
67%
3A Achgabat
65%
2I Chisinau
65%
2E Copenhague
65%
3A Manama
65%
2O Monaco
65%
2E New Delhi
65%
2I Nicosie
65%
3A Paramaribo
65%
4O Porto-Novo
65%
2A Tegucigalpa
65%
2I Tripoli
65%
2A Apia
63%
2O Dodoma
63%
2E Freetown
63%
3A Kampala
63%
2I Kigali
63%
2E Le Caire
63%
2E & 2I Libreville
63%
2O Monrovia
63%
2O Moroni
63%
2I Nairobi
63%
2I Saint-Domingue
63%
5A & 2E Sri Jayawardenapura Kotte
63%
2A Vatican
63%
2E & 2I Vientiane
63%
2A Accra
60%
2E Bruxelles
60%
2U Funafuti
60%
2O Gaborone
60%
3A Harare
60%
2U Luxembourg
60%
2A N Djamena
60%
2A & 2I Saint-Marin
60%
2E Belgrade
58%
2I Dili
58%
2A La Paz
58%
2A Malabo
58%
2O Nouakchott
58%
2O Port Louis
58%
2O Sao Tomé
58%
2E Vienne
58%
2A Luanda
56%
2A Lusaka
56%
2A Mbabane
56%
2A Nassau
56%
2A & 2U Nuku Alofa
56%
2O Port Moresby
54%
3A Tarawa-Sud
54%
2I Victoria
54%
3E Basseterre
52%
2E Port d'Espagne
50%
2E Saint-Georges
48%
2I Taipei
48%
2A Honiara
46%
2I Palikir
44%
2E & 2O Bloemfontein
31%
3E Melekeok
21%
3U Bujumbura
15%
3O Colombo
8%
3O Cotonou
6%
3A Dar es Salam
4%
3A & 2I Delap Uliga Darrit
4%
2E Cetinje
2%
2A La Haye
2%
3A Putrajaya
2%
3A Valparaiso
2%
Aucun quiz correspondant
Distribution des résultats
% des personnes avec chaque résultat
Percentile par nombre de réponses
Votre historique - résultats
Vous n’avez pas pris ce quiz depuis la dernière actualisation